The Successful secretary (Record no. 359000)

000 -LEADER
fixed length control field 00336cam a22001217a 4500
008 - FIXED-LENGTH DATA ELEMENTS--GENERAL INFORMATION
fixed length control field 180718b1945 xxu||||| |||| 00| 0 eng d
082 ## - DEWEY DECIMAL CLASSIFICATION NUMBER
Classification number I5113 B228
100 ## - MAIN ENTRY--PERSONAL NAME
Personal name Bapineedu, Maganti
245 ## - TITLE STATEMENT
Title The Successful secretary
Statement of responsibility, etc. by Maganti Bapineedu
260 ## - PUBLICATION, DISTRIBUTION, ETC.
Place of publication, distribution, etc. Madras
Name of publisher, distributor, etc. Visaalandhra
Date of publication, distribution, etc. 1945
300 ## - PHYSICAL DESCRIPTION
Extent 125p.
650 ## - SUBJECT ADDED ENTRY--TOPICAL TERM
Topical term or geographic name entry element Secretaries, Private
Holdings
Withdrawn status Lost status Damaged status Not for loan Permanent Location Current Location Date acquired Full call number Barcode Date last seen Price effective from Koha item type
        Indian Institute of Public Administration Indian Institute of Public Administration 1994-02-04 I5113 B228 36109 2018-07-21 2018-07-21 Book

Powered by Koha